Superlig Transfers 23/24 - Statistics

General Stats
  • This quiz has been taken 131 times
  • The average score is 13 of 19
Answer Stats
From To Fee Nation Answer % Correct
Man United Fenerbahce 9M Brazil Fred
94%
Inter Fenerbahce FREE Bosnia Edin Dzeko
89%
Marseille Fenerbahce 15M Turkey Cengiz Under
88%
Ajax Fenerbahce FREE Serbia Dusan Tadic
88%
Crystal Palace Galatasaray FREE Ivory Coast Wilfired Zaha
82%
Chelsea Galatasaray LOAN Morocco Hakim Ziyech
80%
Dinamo Zagreb Fenerbahce 6M Croatia Dominik Livakovic
78%
Dinamo Moscow Fenerbahce 10M Poland Sebastian Szymanski
73%
Liverpool Besiktas FREE England Alex Oxlade-Chamberlain
68%
Udinese Fenerbahce 8M Brazil Rodrigo Becao
67%
Shakhtar Galatasaray FREE Brazil Tete
66%
Leipzig Galatasaray LOAN+1M Spain Angelino
65%
Milan Besiktas FREE Croatia Ante Rebic
63%
Leverkusen Galatasaray 1M Germany Kerem Demirbay
63%
Leicester Besiktas FREE Ghana Daniel Amartey
56%
Melbourne Adana Demirspor FREE Portugal Nani
44%
Hertha Basaksehir FREE Poland Krzysztof Piatek
43%
Southampton Trabzonspor 2M Croatia Mislav Orsic
32%
Al Rayyan Konyaspor FREE France Steven Nzonzi
25%
No matching quizzes found
Score Distribution
Percent of People with Each Score
Percentile by Number Answered
Your Score History
You have not taken this quiz